000 00743nam a2200217Ii 4500
003 JO-AjNU
008 230606s9999||||xx |||||||||||||| ||und||
017 _a2017/244
020 _a978-84-16982-07-3
040 _aJO-AjNU
_beng
_erda
_cJO-AjNU
041 _aeng
050 1 4 _aRT69 2016
100 3 _aAuthors Eswi, Abeer Saad واخرون, Abeer Saad Eswi (editor),
_eauthor
_95764
245 0 0 _aTuning Middle East and North Africa: Reference Point for the Design and Delivery of Degree Programmes in Nursing
264 3 1 _aBibao: University of Deusto, 2016
300 _a63p
336 _atext
_btxt
_2rdacontent
337 _aunmediated
_bn
_2rdamedia
338 _avolume
_bnc
_2rdacarrier
650 4 _aNursing - Study- Scensics
_95765
999 _aE2985
_c2983
_d2983